[Event "EU Union-ch U14 18th"]
[Site "Mureck"]
[Date "2021.08.12"]
[Round "9"]
[White "Ahn, Anastasia"]
[Black "Doersieb, Bianca"]
[Result "1-0"]
[WhiteElo "1137"]
[BlackElo "1121"]
[PlyCount "125"]
[EventDate "2021.08.04"]
[EventType "swiss"]
[EventRounds "9"]
[EventCountry "AUT"]
[SourceTitle "EXT 2022"]
[Source "ChessBase"]
[SourceDate "2021.10.06"]
[SourceVersion "1"]
[SourceVersionDate "2021.10.06"]
[SourceQuality "1"]

1. e4 e5 2. Nf3 Nf6 3. Bc4 Nc6 4. d4 Bd6 5. Nc3 0-0 6. Bg5 exd4 7. Nxd4 Ne7 8. Bxf6 gxf6 9. Qg4+ Ng6 10. Bd3 Be5 11. Nde2 d5 12. Qh5 Bxc3+ 13. Nxc3 dxe4 14. Nxe4 f5 15. Ng5 Re8+ 16. Be2 Rxe2+ 17. Qxe2 Qxg5 18. g3 Bd7 19. f4 Qf6 20. 0-0-0 Re8 21. Qc4 Bc6 22. Rhe1 Rd8 23. Rxd8+ Qxd8 24. Qc5 Be4 25. Qxa7 Qd5 26. Qa4 b5 27. Qb3 Qc5 28. Qc3 Qf2 29. Qd2 Qc5 30. c3 Bd5 31. Qd4 Qxd4 32. cxd4 Bxa2 33. Re8+ Kg7 34. Rc8 Ne7 35. Rxc7 Nd5 36. Rc5 b4 37. Kd2 Kg6 38. Rc8 Nb6 39. Rc6+ Kg7 40. Rxb6 b3 41. d5 Kf8 42. d6 Ke8 43. Kc1 Kd7 44. Rb7+ Kxd6 45. Rxf7 Ke6 46. Rxh7 Kf6 47. Rh5 Kg6 48. Rg5+ Kf6 49. h4 Ke6 50. h5 Kd5 51. h6 Ke4 52. h7 Kf3 53. h8Q Ke4 54. Qe5+ Kf3 55. Qxf5 Kg2 56. Qe4+ Kf2 57. f5 Kg1 58. Rh5 Kf2 59. f6 Kxg3 60. f7 Bb1 61. Qxb1 Kg2 62. f8Q Kg3 63. Qg6# 1-0

[Event "EU Union-ch U12 17th"]
[Site "Mureck"]
[Date "2019.08.01"]
[Round "2"]
[White "Komora, Matej"]
[Black "Doersieb, Bianca"]
[Result "1-0"]
[WhiteElo "1237"]
[BlackElo "901"]
[PlyCount "113"]
[EventDate "2019.07.31"]
[EventType "swiss"]
[EventRounds "9"]
[EventCountry "AUT"]
[SourceTitle "EXT 2020"]
[Source "ChessBase"]
[SourceDate "2019.10.17"]
[SourceVersion "1"]
[SourceVersionDate "2019.10.17"]
[SourceQuality "1"]

1. e4 e5 2. Nf3 Nf6 3. Nc3 Bc5 4. Bc4 Nc6 5. d3 0-0 6. 0-0 d6 7. Bg5 h6 8. Bh4 Bg4 9. Nd5 g5 10. Bg3 Nxd5 11. Bxd5 Qf6 12. c3 Rab8 13. a4 Ne7 14. b4 Nxd5 15. exd5 Bxb4 16. cxb4 Rbe8 17. Re1 h5 18. h3 Bxf3 19. Qxf3 Qxf3 20. gxf3 h4 21. Bh2 f5 22. Rac1 Re7 23. d4 e4 24. fxe4 fxe4 25. Rc2 Rfe8 26. Rec1 e3 27. fxe3 Rxe3 28. Rxc7 Rxh3 29. Rc8 Rxc8 30. Rxc8+ Kh7 31. Rc7+ Kh6 32. Rxb7 Rd3 33. Bxd6 Rxd4 34. Rxa7 Rxd5 35. b5 Kh5 36. Bb4 Rd4 37. Bc5 Rc4 38. Bf2 Rc1+ 39. Kg2 g4 40. Rh7+ Kg6 41. Rxh4 Ra1 42. Rxg4+ Kf5 43. Rd4 Ke5 44. b6 Rb1 45. a5 Rb5 46. a6 Rxb6 47. Re4+ Kxe4 48. Bxb6 Kd5 49. a7 Kc4 50. a8Q Kb4 51. Qa5+ Kc4 52. Qc5+ Kb3 53. Qd4 Ka3 54. Qc4 Kb2 55. Bd4+ Ka3 56. Qb5 Ka2 57. Qb2# 1-0

[Event "AUT-ch U12 Girls"]
[Site "St Veit"]
[Date "2019.06.10"]
[Round "6.4"]
[White "Warmuth, Antonia"]
[Black "Doersieb, Bianca"]
[Result "1/2-1/2"]
[WhiteElo "828"]
[BlackElo "870"]
[PlyCount "98"]
[EventDate "2019.06.08"]
[EventType "swiss"]
[EventRounds "7"]
[EventCountry "AUT"]
[SourceTitle "EXT 2024"]
[Source "ChessBase"]
[SourceDate "2023.10.10"]
[SourceVersion "1"]
[SourceVersionDate "2023.10.10"]
[SourceQuality "1"]

1. e4 e5 2. Nf3 Nf6 3. Nc3 Nc6 4. Bc4 Nxe4 5. Nxe4 d5 6. Bxd5 Qxd5 7. Ng3 e4 8. Ng1 Bd6 9. N1e2 Bg4 10. h3 Bxe2 11. Qxe2 Bxg3 12. fxg3 0-0 13. d3 exd3 14. cxd3 Rae8 15. Be3 Qa5+ 16. Kf2 f5 17. Rhe1 f4 18. gxf4 Rxf4+ 19. Bxf4 Rxe2+ 20. Rxe2 Qc5+ 21. Kf1 Qf5 22. Rf2 Qxd3+ 23. Kg1 Nd4 24. Bxc7 Ne2+ 25. Kh1 Qc2 26. Be5 Qe4 27. Bh2 Qe3 28. Rf3 Qd2 29. Bg1 Nxg1 30. Kxg1 Qxb2 31. Rd1 h5 32. Rd7 Qxa2 33. Rxb7 a5 34. Kh1 Qa1+ 35. Kh2 Qe5+ 36. Kg1 Qa1+ 37. Kh2 a4 38. Ra7 Qd4 39. Ra8+ Kh7 40. Rg3 Kh6 41. Kh1 Qa1+ 42. Kh2 h4 43. Rg4 a3 44. Rxh4+ Kg5 45. Rha4 Qe5+ 46. Kg1 Qe3+ 47. Kh1 Qc1+ 48. Kh2 Qc7+ 49. Kh1 Qc1+ 1/2-1/2